| Tag |
First Indicator |
Second Indicator |
Subfields |
| LEADER |
00000cam a2200000 a 4500 |
| 001 |
in00000076802 |
| 005 |
20151008054937.0 |
| 008 |
801125s1981 nyuaf b 00110 engm |
| 010 |
|
|
|a 80039704
|
| 020 |
|
|
|a 0525102701 :
|c $15.50
|
| 035 |
|
|
|a (OCoLC)07170696
|
| 035 |
|
|
|9 AAJ2126AM
|
| 040 |
|
|
|a DLC
|c DLC
|d m.c.
|d CUX
|d TXA
|d UtOrBLW
|
| 049 |
|
|
|a TXAM
|c [1655000]
|
| 050 |
0 |
0 |
|a QL76
|b .B46 1981
|
| 082 |
0 |
|
|a 590/.74/4
|2 19
|
| 100 |
1 |
|
|a Bendiner, Robert.
|
| 245 |
1 |
4 |
|a The fall of the wild, the rise of the zoo /
|c Robert Bendiner.
|
| 250 |
|
|
|a 1st ed.
|
| 264 |
|
1 |
|a New York :
|b Dutton,
|c [1981]
|
| 264 |
|
4 |
|c ©1981
|
| 300 |
|
|
|a 196 pages, 16 unnumbered pages :
|b illustrations ;
|c 25 cm.
|
| 336 |
|
|
|a text
|b txt
|2 rdacontent
|
| 337 |
|
|
|a unmediated
|b n
|2 rdamedia
|
| 338 |
|
|
|a volume
|b nc
|2 rdacarrier
|
| 500 |
|
|
|a Includes index.
|
| 504 |
|
|
|a Bibliography: pages [152]-153.
|
| 650 |
|
0 |
|a Zoos.
|
| 650 |
|
2 |
|a Animals, Zoo.
|
| 999 |
|
|
|a MARS
|
| 999 |
f |
f |
|s 7efbaeab-36d0-3930-a266-6d27ee193e7b
|i 1364774d-d311-34b2-ada4-d2514f7807a7
|t 0
|
| 952 |
f |
f |
|p ric
|a Texas A&M University
|b Rellis Campus
|c Joint Library Facility
|d Remote Storage
|t 0
|e QL76 .B46 1981
|h Library of Congress classification
|i unmediated -- volume
|m A14806219947
|
| 998 |
f |
f |
|a QL76 .B46 1981
|t 0
|l Remote Storage
|